000
00312nam a2200145Ia 4500
003
OSt
005
20240208122812.0
008
170524s9999 xx 000 0 und d
020
_a
0761993509
040
_c
iimtu meerut
100
_a
RAO- T V
245
0
_a
HRD AUDIT
260
_b
DELHI : ANMOL
942
_2
ddc
_c
02
999
_c
8410
_d
8410